| 000 | 00921nam a2200241 a 4500 | ||
|---|---|---|---|
| 001 | 001071630 | ||
| 003 | AM-YeHGA | ||
| 005 | 20250617163430.0 | ||
| 008 | 150410s1960 ru r 000 0 rus d | ||
| 040 | _aAM-YeHGA | ||
| 041 | 0 | _arus | |
| 100 | 1 | _aСамсонов, Павел Алексеевич | |
| 245 | 1 | 0 |
_aЙошкар-Ола - столица Марийской АССР / _cП. А. Самсонов. |
| 246 | 1 | 4 | _aЙошкар-Ола |
| 260 |
_aЙошкар-Ола : _bМаркнигоиздат, _c1960. |
||
| 300 |
_a63 с. : _bил. ; _c20 cм. |
||
| 440 | 0 | _a40 лет МАССР | |
| 500 | _aНа обл. авт. не указан | ||
| 504 | _aБиблиогр. в конце книги (10 назв.) | ||
| 650 | 1 | 4 |
_aГорода _xПланировка и строительство _zЙошкар-Ола |
| 650 | 1 | 4 |
_aГорода _xАрхитектура _zЙошкар-Ола |
| 090 | _c509930 | ||
| 999 |
_c506508 _d506508 |
||